| 000 | 00673nam a2200241Ia 4500 | ||
|---|---|---|---|
| 999 |
_c2653 _d2653 |
||
| 007 | ta | ||
| 008 | 230116r20222019ii ad||gd|||||||| ||eng|| | ||
| 020 |
_a9789353674779 _cRs. 640.00 |
||
| 040 |
_aKO _beng |
||
| 041 | 0 | _aeng | |
| 044 | _aii | ||
| 082 | 0 | 4 |
_a382 _bC4246 _223 |
| 100 | 1 | _aCherunilam, Francis | |
| 245 | 1 | 0 |
_aInternational Trade and Export Management / _cFrancis Cherunilam |
| 250 | _a21st rev. ed. | ||
| 260 |
_aMumbai : _bHimayala Publishing House, _c2019, reprinted 2022 |
||
| 300 |
_a512 p. _b : _c; 24.5 cm. |
||
| 650 | 0 |
_aInternational trade _vTextbooks |
|
| 650 | 0 |
_aExport marketing _vTextbooks |
|
| 904 | _aA_BOSE | ||
| 942 | _cBK | ||